| 000 | 01242nam a2200337Ia 4500 | ||
|---|---|---|---|
| 001 | dia_1472 | ||
| 003 | CHAP | ||
| 005 | 20251027150059.0 | ||
| 008 | 220117s1982 xx 000 0 und d | ||
| 010 | _a172013 | ||
| 020 | _a0-02-949350-1 (v.1) \ 0-471-62492-6 (v.2) \ 0-02-949270-6 (v.3) | ||
| 040 | _cCHAP | ||
| 082 | _a620.85 I53 1982 | ||
| 245 |
_aIndustrial hygiene aspects of plant operations / _c edición Lester V. Cralleg y Lewis J. Cralley |
||
| 260 |
_aEstados Unidos de América : _b Macmillan, _c1982 |
||
| 300 | _a3 v. | ||
| 503 | _aI. 163072 (3 v.) | ||
| 504 | _aIncluye bibliografías | ||
| 505 | _av.Process flows \ v.2. Unit operations and product fabrication \ v.3. Engineering considerations in equipment selection, layout and building design | ||
| 590 | _aRC967 I53 1982 | ||
| 650 |
_aHigiene industrial _955333 |
||
| 650 |
_aIndustrial hygiene _9150830 |
||
| 650 |
_aManufacturas _9150831 |
||
| 650 |
_aManufacturing processes _x Health aspects _9150832 |
||
| 700 |
_aCralley, Lester V., ed. _9150833 |
||
| 700 |
_aCralley, Lewis J., ed. _9150834 |
||
| 901 | _a620.85 I53 1982 | ||
| 902 | _aM | ||
| 905 | _a5222271982 -usaimn8222233322eng16 | ||
| 942 |
_cLIBRO _2ddc |
||
| 999 |
_c172013 _d172013 |
||